000 01705nam0a2200373 4500
001 RU\NLR\BIBL_A\022623011
005 20251127105619.0
010 _a978-5-00250-437-4
_95000
021 _aRU
_bКН-П-25-042611
_9КН-П-25-4151
035 _a(NLR Aleph) 022623011
090 _a13471825
_c13471825
100 _a20250916d2025 u y0rusy50 ca
101 1 _arus
_cjpn
102 _aRU
105 _aa z 000ay
181 0 _ai3
_baxxe
182 0 _an
200 1 _aЧто я узнала в книжном "Кобаяси"
_e[роман
_eосновано на реальных событиях из жизни Юмико Кобаяси]
_fТэцуя Каваками
_gперевод с японского Светланы Торы
_g[иллюстрация на обложке, оформление блока Haekchi
_gиллюстрация на авантитуле Oskolock]
203 _aТекст
_bвизуальный
_cнепосредственный
210 _aМосква
_cМИФ
_d2025
215 _a190, [1] с.
_cил.
_d21
225 1 _aРоманы МИФ
_iМагия книжных страниц
333 _a16+
686 1 _aШ6(5Я)67-440.4{Лх2318-45}
700 1 _aКаваками
_bТ.
_gТэцуя
_3RU\NLR\AUTH\770286831
702 0 _aHaekchi
_cпсевдоним
_3RU\NLR\AUTH\770287001
_4040
702 0 _aOskolock
_cпсевдоним
_3RU\NLR\AUTH\770286835
_4040
702 1 _aКобаяси
_bЮ.
_cкниготорговец
_gЮмико
_3RU\NLR\AUTH\770287004
_4280
702 1 _aТора
_bС.
_gСветлана
_4730
942 _cBOOK
980 _aNB